Geografías : (Registro nro. 7363)

Detalles MARC
000 -LEADER
fixed length control field 00554nam a22001937a 4500
003 - CONTROL NUMBER IDENTIFIER
control field OSt
005 - DATE AND TIME OF LATEST TRANSACTION
control field 20250627085941.0
008 - FIXED-LENGTH DATA ELEMENTS--GENERAL INFORMATION
fixed length control field 210228s1988 ck |||gr|||| 00| p spa d
040 ## - CATALOGING SOURCE
Original cataloging agency CO-JMCR
Transcribing agency CO-JMCR
041 0# - LANGUAGE CODE
Language code of text/sound track or separate title spa
082 04 - DEWEY DECIMAL CLASSIFICATION NUMBER
Classification number A-P
Item number CONg
100 1# - MAIN ENTRY--PERSONAL NAME
Personal name Contreras, Mauricio,
Relator term autor
9 (RLIN) 14062
245 10 - TITLE STATEMENT
Title Geografías :
Remainder of title 1981-1987 /
Statement of responsibility, etc. Mauricio Contreras
250 ## - EDITION STATEMENT
Edition statement Primera edición
260 ## - PUBLICATION, DISTRIBUTION, ETC.
Place of publication, distribution, etc. [Bogotá] :
Name of publisher, distributor, etc. Etcétera Ediciones,
Date of publication, distribution, etc. 1988
300 ## - PHYSICAL DESCRIPTION
Extent [19] páginas ;
Dimensions 16 cm.
650 14 - SUBJECT ADDED ENTRY--TOPICAL TERM
Topical term or geographic name entry element Poesía colombiana
Chronological subdivision Siglo XX
9 (RLIN) 8739
942 ## - ADDED ENTRY ELEMENTS (KOHA)
Source of classification or shelving scheme Dewey Decimal Classification
Koha item type Books
Existencias
Withdrawn status Lost status Source of classification or shelving scheme Damaged status Not for loan Home library Current library Date acquired Source of acquisition Total Checkouts Full call number Barcode Date last seen Copy number Price effective from Koha item type
    Dewey Decimal Classification     Biblioteca Pública José María del Castillo y Rada Biblioteca Pública José María del Castillo y Rada 02/28/2021 Donación   A-P CONg 201810591 02/28/2021 Ej.1 02/28/2021 Books